Najludniejsze państwa które nigdy nie zagrały na mistrzostwach świata - Statystyki

Ogólne statystyki
  • Ten quiz został rozwiązany 3 347 razy
  • Średni wynik to 11 z 20
Statystyki odpowiedzi
Populacja Państwo % Poprawnych
1465 mln Indie
98%
256 mln Pakistan
78%
176 mln Bangladesz
72%
102 mln Wietnam
68%
28,0 mln Niger
65%
71,6 mln Tajlandia
65%
136 mln Etiopia
62%
51,9 mln Sudan
61%
117 mln Filipiny
59%
44,0 mln Afganistan
57%
57,7 mln Kenia
57%
36,0 mln Malezja
57%
54,9 mln Mjanma
53%
70,9 mln Tanzania
51%
35,8 mln Mozambik
45%
51,6 mln Uganda
42%
32,9 mln Madagaskar
40%
29,6 mln Nepal
40%
42,0 mln Jemen
38%
28,5 mln Wenezuela
34%
Nie znaleziono quizów pasujących do podanych kryteriów
Rozkład punktacji
Procent ludzi z każdym wynikiem
Percentyl według liczby udzielonych odpowiedzi
Twoja historia wyników
Nie rozwiązałeś tego quizu